Statistiques concernant Les plus grandes villes de la Floride

Cliquez ici pour prendre le quiz!

Statistiques générales

  • Ce quiz a été pris 96 fois
  • Le résultat moyen est 5 sur 10

Statistiques - réponses

PopulationVilles% Correct
261 025Miami
97%
197 399Orlando
88%
210 855Tampa
83%
902 488Jacksonville
73%
77 606Tallahassee
55%
67 780Fort Lauderdale
42%
145 151St-Petersburg
19%
97 660Hialeah
6%
66 273Port Ste-Lucie
5%
62 110Cape Coral
4%

Distribution des résultats

Percentile par nombre de réponses

% des personnes avec chaque résultat

Votre développement - résultats

Vous n’avez pas pris ce quiz